[Event "World Blitz Championship (Women)"]
[Site "Doha QAT"]
[Date "2016.12.30"]
[EventDate "2016.12.29"]
[Round "14.8"]
[Result "1-0"]
[White "Anna Ushenina"]
[Black "Sarasadat Khademalsharieh"]
[WhiteElo "2459"]
[BlackElo "2438"]
[PlyCount "119"]

1. Nf3 d5 2. g3 c6 3. Bg2 Bg4 4. c4 dxc4 5. Na3 Nf6 6. Nxc4
Nbd7 7. O-O g6 8. b3 Bg7 9. Bb2 O-O 10. d3 a5 11. h3 Be6
12. Nd4 Bd5 13. e4 Bxc4 14. dxc4 Nc5 15. e5 Nfe4 16. Qe2 Ng5
17. f4 Nge6 18. Rad1 Qc7 19. Nf3 Rad8 20. Nh4 f5 21. exf6 exf6
22. f5 Rxd1 23. Rxd1 Qxg3 24. fxe6 Qxh4 25. Ba3 Qg5 26. Rf1 b6
27. e7 Re8 28. h4 Qe5 29. Qxe5 fxe5 30. Bxc6 Rxe7 31. Bd5+ Kh8
32. Bc1 e4 33. Be3 h6 34. Rb1 Bf6 35. Bxh6 Bxh4 36. Be3 Kg7
37. a3 Bf6 38. b4 axb4 39. axb4 Nd7 40. Rb3 Ne5 41. Bxb6 Nf3+
42. Kf2 Ne5 43. Ke2 Re8 44. Ra3 Nd3 45. Ra7+ Kh6 46. Be3+ Bg5
47. b5 Nf4+ 48. Bxf4 Bxf4 49. b6 e3 50. c5 Re5 51. Rd7 Rh5
52. c6 Rh2+ 53. Kd3 Rd2+ 54. Kc4 e2 55. Re7 Bg3 56. b7 Rb2
57. Kc5 e1=Q 58. Rxe1 Bxe1 59. c7 Rc2+ 60. Bc4 1-0

[Event "World Blitz Championship (Women)"]
[Site "Doha QAT"]
[Date "2016.12.30"]
[EventDate "2016.12.29"]
[Round "15.4"]
[Result "1-0"]
[White "Kateryna Lahno"]
[Black "Anna Ushenina"]
[WhiteElo "2530"]
[BlackElo "2459"]
[PlyCount "139"]

1. c4 e6 2. g3 d5 3. Bg2 g6 4. Nf3 Bg7 5. O-O Ne7 6. d4 O-O
7. Qc2 Nbc6 8. Rd1 b6 9. Nc3 Bb7 10. cxd5 exd5 11. Bf4 Nf5
12. e3 Nce7 13. g4 Nd6 14. b4 Rc8 15. b5 a6 16. a4 a5 17. Ne5
f6 18. Nd3 Ne4 19. f3 Nxc3 20. Qxc3 Qd7 21. Qb3 Kh8 22. Bg3
Rfe8 23. Rac1 Ng8 24. Re1 Bf8 25. Nf4 Nh6 26. Rc2 Nf7 27. Rec1
Bh6 28. Rc3 Nd6 29. Bf1 Nf7 30. Ng2 Nd6 31. R1c2 Bf8 32. Qb1
Bh6 33. Qc1 Re7 34. Qd2 Qd8 35. Qf2 Bg7 36. h4 Bh6 37. g5 Bg7
38. Bf4 f5 39. Qg3 Ne8 40. Ne1 Kg8 41. Nd3 Re6 42. Ne5 Nd6
43. Nc6 Bxc6 44. Rxc6 Bf8 45. Bd3 Qd7 46. h5 Nc4 47. R2xc4
dxc4 48. Bxc4 Re8 49. Rxc7 Qd8 50. hxg6 hxg6 51. Qh4 Bg7
52. Rc6 Qd7 53. Qf2 Kh7 54. Qh2+ Kg8 55. Qa2 Kf7 56. Rc7 Qxc7
57. Bxc7 Bf8 58. Be5 Bb4 59. Bxe6+ Rxe6 60. Qd5 Bd2 61. Kf2
Ke7 62. Qb7+ Ke8 63. f4 Bb4 64. d5 Re7 65. Qc6+ Rd7 66. Qxg6+
Kd8 67. Qxb6+ Ke8 68. Qe6+ Kd8 69. b6 Be7 70. Bf6 1-0

[Event "World Blitz Championship (Women)"]
[Site "Doha QAT"]
[Date "2016.12.30"]
[EventDate "2016.12.29"]
[Round "17.15"]
[Result "0-1"]
[White "Jana Krivec"]
[Black "Anna Ushenina"]
[WhiteElo "2264"]
[BlackElo "2459"]
[PlyCount "98"]

1. e4 c5 2. Nc3 g6 3. d4 Bg7 4. dxc5 Qa5 5. Bd2 Qxc5 6. Nf3 d6
7. Bb5+ Bd7 8. Bxd7+ Nxd7 9. O-O Ngf6 10. Re1 O-O 11. Be3 Qb4
12. Rb1 Qa5 13. Bd4 Rfd8 14. b4 Qc7 15. Nd5 Nxd5 16. exd5 Nf6
17. Rc1 a5 18. b5 Bh6 19. Bxf6 exf6 20. Rb1 f5 21. Qd3 Rac8
22. Nd4 Qc4 23. Qxc4 Rxc4 24. Rbd1 Bg7 25. Nb3 b6 26. Re2 a4
27. Nc1 Rdc8 28. Nd3 Rxc2 29. Rxc2 Rxc2 30. Nb4 Rb2 31. a3 Bc3
32. Nc6 Rxb5 33. Rc1 Bf6 34. Na7 Rxd5 35. Nc8 b5 36. Nb6 Rd3
37. g3 Rxa3 38. Nd5 Bd4 39. Rc8+ Kg7 40. Rb8 Rb3 41. Nc7 b4
42. Ne8+ Kf8 43. Nxd6+ Ke7 44. Nc4 a3 45. Nxa3 Rxa3 46. Rxb4
Rd3 47. Rb7+ Kf6 48. Rb1 Rd2 49. Rf1 h5 0-1

[Event "Women's World Championship"]
[Site "Tehran IRI"]
[Date "2017.02.16"]
[EventDate "2017.02.11"]
[Round "2.3"]
[Result "0-1"]
[White "Tan Zhongyi"]
[Black "Anna Ushenina"]
[WhiteElo "2502"]
[BlackElo "2444"]
[PlyCount "80"]

1. c4 c6 2. Nf3 d5 3. d4 Nf6 4. Nc3 dxc4 5. a4 Bf5 6. e3 e6
7. Bxc4 Bb4 8. O-O Nbd7 9. Qe2 O-O 10. e4 Bg6 11. Bd3 Bh5
12. Bc2 a5 13. Rd1 Qe7 14. h3 e5 15. d5 Rfe8 16. g4 Bg6
17. dxc6 bxc6 18. Nh4 Nf8 19. Nf5 Qc7 20. Bb3 N6d7 21. Bc4 Nc5
22. Be3 Nce6 23. Qf3 Bc5 24. Bxc5 Nxc5 25. h4 Nfe6 26. Ne2
Rad8 27. h5 Bxf5 28. gxf5 Nd4 29. Qg4 Qd6 30. Ng3 Qh6 31. Rac1
Nxa4 32. Rb1 Nb6 33. Bd3 Nd7 34. Qh3 Nf6 35. Bf1 Qf4 36. Bg2
h6 37. Rf1 Rb8 38. Rfe1 Rb3 39. Qh1 Ng4 40. Rf1 Rxg3 0-1

[Event "Women's World Championship"]
[Site "Tehran IRI"]
[Date "2017.02.16"]
[EventDate "2017.02.11"]
[Round "2.5"]
[Result "0-1"]
[White "Anna Ushenina"]
[Black "Tan Zhongyi"]
[WhiteElo "2444"]
[BlackElo "2502"]
[PlyCount "124"]

1. d4 Nf6 2. c4 e6 3. Nf3 b6 4. g3 Bb7 5. Bg2 Bb4+ 6. Bd2 Be7
7. O-O c6 8. Qc2 d5 9. b3 O-O 10. Rd1 Nbd7 11. Nc3 Rc8 12. e4
dxe4 13. Ng5 c5 14. dxc5 bxc5 15. Ncxe4 Nxe4 16. Nxe4 f5
17. Nd6 Bxg2 18. Nxc8 Bf6 19. Bc3 Be4 20. Bxf6 Qxc8 21. Qe2
Nxf6 22. f3 Ba8 23. Rd6 Re8 24. Rad1 e5 25. Qe3 f4 26. gxf4 e4
27. f5 Qxf5 28. Rd8 Qg6+ 29. Kf2 Bc6 30. R1d6 exf3 31. Qe6+
Kf8 32. Rxe8+ Bxe8 33. Kxf3 Qh5+ 34. Kg2 Qg5+ 35. Kf3 Bh5+
36. Kf2 Ng4+ 37. Ke1 Qh4+ 38. Kd2 Qxh2+ 39. Kc1 Nf6 40. Ra6
Bg6 41. Qc8+ Ne8 42. Qxc5+ Kg8 43. Qd5+ Kh8 44. Qd2 Qe5
45. Kd1 Bh5+ 46. Kc2 Bg6+ 47. Kd1 h6 48. Ra5 Qa1+ 49. Ke2 Nf6
50. Rxa7 Qe5+ 51. Qe3 Bh5+ 52. Kd3 Bg6+ 53. Ke2 Qb2+ 54. Kf1
Ng4 55. Qf4 h5 56. Re7 Qb1+ 57. Kg2 Qxa2+ 58. Kg1 Qa1+ 59. Kg2
Kh7 60. Re2 Qd1 61. Qf3 Qd4 62. Ra2 Be4 0-1

[Event "Women's World Championship"]
[Site "Tehran IRI"]
[Date "2017.02.16"]
[EventDate "2017.02.11"]
[Round "2.7"]
[Result "0-1"]
[White "Tan Zhongyi"]
[Black "Anna Ushenina"]
[WhiteElo "2502"]
[BlackElo "2444"]
[PlyCount "138"]

1. Nf3 d5 2. g3 c6 3. Bg2 Bg4 4. c4 e6 5. cxd5 Bxf3 6. Bxf3
cxd5 7. O-O Nf6 8. b3 Nc6 9. Bb2 Be7 10. d3 O-O 11. Nd2 Nd7
12. Bg2 Bf6 13. Qb1 Bxb2 14. Qxb2 Qf6 15. Qxf6 Nxf6 16. Rfc1
Rfc8 17. Kf1 Kf8 18. a3 Nd4 19. a4 Nc2 20. Rab1 Nb4 21. d4 Na2
22. Rxc8+ Rxc8 23. Ke1 Ke7 24. e3 a5 25. Bf1 Ne8 26. Bd3 Nd6
27. h4 h5 28. Be2 g6 29. Bd1 Nb4 30. Be2 Na2 31. Ra1 Nb4
32. Kd1 Rc2 33. Rc1 Ra2 34. Rc7+ Kd8 35. Rc1 b6 36. Rb1 Ne4
37. Nxe4 dxe4 38. Ke1 Rc2 39. Kf1 Kd7 40. Rd1 Kd6 41. Bc4 Nd5
42. Kg1 Nc3 43. Re1 Nxa4 44. Kg2 Nc3 45. Ra1 Nd5 46. Kf1 Nb4
47. Kg2 Nd3 48. Bxd3 exd3 49. Kf3 Rb2 50. Ra3 d2 51. Ke2 d1=Q+
52. Kxd1 Rxf2 53. b4 axb4 54. Ra7 Kd5 55. Rb7 Ke4 56. Rxb6
Kxe3 57. Rxb4 Rd2+ 58. Ke1 Rxd4 59. Rb7 f5 60. Re7 Re4 61. Kf1
Kf3 62. Rg7 Rg4 63. Re7 Kxg3 64. Rxe6 Kxh4 65. Kf2 Kg5 66. Kf3
Ra4 67. Re1 Ra3+ 68. Kg2 h4 69. Re8 Kg4 0-1

[Event "Women's World Championship"]
[Site "Tehran IRI"]
[Date "2017.02.16"]
[EventDate "2017.02.11"]
[Round "2.9"]
[Result "1/2-1/2"]
[White "Anna Ushenina"]
[Black "Tan Zhongyi"]
[WhiteElo "2444"]
[BlackElo "2502"]
[PlyCount "154"]

1. Nf3 c5 2. g3 Nc6 3. Bg2 g6 4. O-O Bg7 5. c3 Nf6 6. d4 cxd4
7. cxd4 d5 8. Ne5 O-O 9. Nxc6 bxc6 10. Nc3 Bf5 11. Na4 Ne4
12. Bf4 h6 13. Rc1 g5 14. Be3 Qa5 15. b3 Rac8 16. Qe1 Qa6
17. f3 Nd6 18. Qd2 Qb7 19. Nc5 Qb8 20. Bf2 Rfe8 21. e4 Bg6
22. e5 Nb7 23. Na6 Qa8 24. f4 gxf4 25. gxf4 e6 26. Kh1 Nd8
27. b4 Qb7 28. Nc5 Qe7 29. Rg1 Kh7 30. Rc3 Nb7 31. Na6 Bf5
32. Rg3 Rg8 33. a3 h5 34. Rg5 Bh6 35. Rxh5 Rg6 36. Bh4 Qf8
37. Bg5 Qg7 38. Qf2 Kg8 39. Bf3 Bxg5 40. Rhxg5 Kf8 41. Qh4 Ke8
42. Rxg6 fxg6 43. Qg5 Kd7 44. h4 Qh7 45. h5 Rh8 46. Rg2 gxh5
47. Qf6 Bg4 48. Kh2 Rg8 49. f5 Qxf5 50. Qxf5 exf5 51. Be2 f4
52. b5 f3 53. Bxf3 Nd8 54. bxc6+ Kxc6 55. Nb4+ Kb5 56. Bxd5
Rf8 57. Be4 Ka4 58. d5 Rf4 59. Bc2+ Kxa3 60. Nd3 Rd4 61. d6
Ne6 62. Rf2 Nd8 63. Rf8 Nc6 64. Ra8 Bf5 65. Ne1 Rd2+ 66. Kg3
Bxc2 67. Nxc2+ Rxc2 68. e6 Re2 69. e7 Nxe7 70. Rxa7+ Kb4
71. Rxe7 Rd2 72. d7 Kc5 73. Kf4 Kc6 74. Re5 Kxd7 75. Rxh5 Rd4+
76. Ke3 Ra4 77. Kd3 Ke7 1/2-1/2

[Event "Russian Team Championships (Women)"]
[Site "Sochi RUS"]
[Date "2017.05.03"]
[EventDate "2017.05.01"]
[Round "3.1"]
[Result "1/2-1/2"]
[White "Anna Ushenina"]
[Black "Elizaveta Solozhenkina"]
[WhiteElo "2449"]
[BlackElo "2234"]
[PlyCount "84"]

1. d4 d5 2. c4 e6 3. Nc3 Be7 4. Bf4 Nf6 5. e3 O-O 6. a3 b6
7. cxd5 exd5 8. Nf3 c6 9. Ne5 Bb7 10. Bd3 Nbd7 11. O-O Nxe5
12. dxe5 Nd7 13. Qc2 g6 14. Bg3 Re8 15. f4 Bf8 16. Rad1 Qe7
17. Rde1 a5 18. Rf3 Bg7 19. Qf2 Nc5 20. Bc2 b5 21. Bh4 Qd7
22. e4 Bf8 23. Rd1 Ne6 24. Qf1 Qc7 25. f5 Bc5+ 26. Bf2 Bxf2+
27. Rxf2 Ng5 28. e6 fxe6 29. fxg6 hxg6 30. h4 Nh7 31. exd5
cxd5 32. Bxg6 Rf8 33. Bxh7+ Qxh7 34. Rd3 Qxh4 35. Rxf8+ Rxf8
36. Qe2 Rf6 37. Nxb5 Ba6 38. Rh3 Bxb5 39. Qxb5 Qe1+ 40. Kh2
Qe5+ 41. Kg1 Qe1+ 42. Kh2 Qe5+ 1/2-1/2

[Event "Russian Team Championships (Women)"]
[Site "Sochi RUS"]
[Date "2017.05.04"]
[EventDate "2017.05.01"]
[Round "4.4"]
[Result "0-1"]
[White "Karina Ambartsumova"]
[Black "Anna Ushenina"]
[WhiteElo "2324"]
[BlackElo "2449"]
[PlyCount "126"]

1. d4 Nf6 2. Nf3 e6 3. e3 b6 4. Bd3 Bb7 5. O-O c5 6. b3 Nc6
7. a3 g6 8. Bb2 Bg7 9. Nbd2 O-O 10. Re1 Qe7 11. c4 Rad8
12. Qc2 d6 13. Rad1 Nh5 14. Bf1 f5 15. d5 Nb8 16. dxe6 Bxb2
17. Qxb2 Qxe6 18. g3 Rfe8 19. Bg2 Qf6 20. Qxf6 Nxf6 21. Ng5
Bxg2 22. Kxg2 Nc6 23. Nb1 d5 24. cxd5 Nxd5 25. Rd2 h6 26. Nf3
Kf7 27. Red1 Ke6 28. Nh4 Rg8 29. Kf1 Rd7 30. Nc3 Nxc3 31. Rxd7
Nxd1 32. Rxd1 Ne5 33. Ke2 Ng4 34. Nf3 Nf6 35. Rd3 Rc8 36. Nd2
b5 37. Rc3 Nd5 38. Rc1 g5 39. Kd3 Nf6 40. h3 Rd8+ 41. Ke2 Kd6
42. Kd3 h5 43. Rh1 Kc6+ 44. Ke2 Ne4 45. Nb1 c4 46. Rc1 Kc5
47. g4 fxg4 48. hxg4 hxg4 49. Nc3 Nxc3+ 50. Rxc3 a5 51. Rc1
Rd3 52. bxc4 bxc4 53. Rg1 Rxa3 54. Rxg4 Ra2+ 55. Kd1 Rxf2
56. Rxg5+ Kb4 57. Rg8 Kc3 58. Ra8 Rf1+ 59. Ke2 Ra1 60. Kf3 a4
61. e4 a3 62. e5 a2 63. e6 Rf1+ 0-1

[Event "Russian Team Championships (Women)"]
[Site "Sochi RUS"]
[Date "2017.05.07"]
[EventDate "2017.05.01"]
[Round "6.4"]
[Result "1-0"]
[White "Anna Ushenina"]
[Black "Alena Suslova"]
[WhiteElo "2449"]
[BlackElo "2216"]
[PlyCount "125"]

1. d4 g6 2. Nf3 Bg7 3. c4 Nf6 4. Nc3 O-O 5. Bf4 d6 6. h3 Nc6
7. e3 Nd7 8. Be2 e5 9. Bh2 h6 10. O-O a5 11. a3 Kh7 12. Nb5 f5
13. Qc2 b6 14. Rfd1 Bb7 15. Rab1 exd4 16. exd4 Na7 17. Nc3 Nf6
18. d5 Nd7 19. Nd4 Bxd4 20. Rxd4 Qf6 21. Rdd1 Ne5 22. b4 axb4
23. axb4 Ba6 24. Qb3 Nc8 25. f4 Nd7 26. Kh1 Ne7 27. Bf3 Ng8
28. Ne2 Rfe8 29. Nd4 Nf8 30. Qc2 Qf7 31. c5 Bb7 32. cxd6 cxd6
33. Nb5 Red8 34. Bg1 Ra6 35. Qb3 Nf6 36. Rbc1 Rd7 37. Nc3 g5
38. b5 Ra8 39. Bxb6 Ng6 40. fxg5 hxg5 41. Qc2 g4 42. hxg4 fxg4
43. Ne4 Nxe4 44. Bxe4 Qf6 45. Kg1 Rg8 46. Qf2 Qg5 47. Qf5 Qxf5
48. Bxf5 Re7 49. Rc4 Rf8 50. Bxg4 Ne5 51. Re4 Rg7 52. Be2 Rf5
53. Be3 Kg8 54. b6 Rf6 55. Bf4 Rfg6 56. g3 Nd7 57. Re6 Nxb6
58. Bh5 Rxg3+ 59. Bxg3 Rxg3+ 60. Kf2 Rg5 61. Re8+ Kh7 62. Re7+
Kh6 63. Rxb7 1-0

[Event "Russian Team Championships (Women)"]
[Site "Sochi RUS"]
[Date "2017.05.09"]
[EventDate "2017.05.01"]
[Round "8.3"]
[Result "1-0"]
[White "Anna Ushenina"]
[Black "Evgenija Ovod"]
[WhiteElo "2449"]
[BlackElo "2380"]
[PlyCount "167"]

1. d4 d5 2. c4 e6 3. Nf3 Nf6 4. Nc3 Be7 5. Qc2 O-O 6. cxd5
exd5 7. Bg5 c6 8. e3 Nbd7 9. Bd3 h6 10. Bh4 Nh5 11. Bxe7 Qxe7
12. O-O Nhf6 13. Rab1 a5 14. a3 Re8 15. Nd2 Qd6 16. h3 Nf8
17. Nf3 Be6 18. Ne5 N6d7 19. f4 f6 20. Nf3 Bf7 21. Rbe1 Rac8
22. Nh4 Be6 23. g4 b5 24. Qg2 g5 25. fxg5 fxg5 26. Nf3 Re7
27. Ne2 Bf7 28. Ng3 Bg6 29. Bxg6 Qxg6 30. Nf5 Re6 31. Re2 Nh7
32. Nd2 Nhf6 33. Ref2 Rce8 34. Qg3 h5 35. Rg2 h4 36. Qc7 a4
37. Rgf2 Kh8 38. Rc1 Nf8 39. Rf3 N6d7 40. Rcf1 Kg8 41. Rc1 Kh8
42. Rc3 Rf6 43. Rf1 Ree6 44. Nf3 Rf7 45. Qd8 Ref6 46. Rcc1 Kh7
47. Ne5 Ne6 48. Qa5 Nxe5 49. dxe5 Rxf5 50. gxf5 Rxf5 51. Qd2
Rxe5 52. Rxc6 g4 53. hxg4 Qxg4+ 54. Qg2 Qxg2+ 55. Kxg2 Rxe3
56. Rf6 Rg3+ 57. Kf2 Ng5 58. Rh6+ Kg7 59. Rxh4 Rf3+ 60. Ke2
Rf5 61. Rb6 Nf3 62. Rg4+ Kf7 63. Rxb5 Ke6 64. Rxa4 Ke5 65. Ke3
Ng5 66. Raa5 Kd6 67. Ra6+ Ke5 68. Raa5 Kd6 69. a4 Ne6 70. Ra6+
Ke5 71. Raa5 Kd6 72. b4 Re5+ 73. Kd2 Nd4 74. Ra6+ Kc7 75. Ra7+
Kc6 76. Rbb7 Nf3+ 77. Kc2 d4 78. Re7 Rxe7 79. Rxe7 Kd5 80. Kd3
Ne5+ 81. Rxe5+ Kxe5 82. b5 Kd5 83. b6 Kc6 84. a5 1-0

[Event "Russian Team Championships (Women)"]
[Site "Sochi RUS"]
[Date "2017.05.10"]
[EventDate "2017.05.01"]
[Round "9.2"]
[Result "1/2-1/2"]
[White "Anastasia Sazonova"]
[Black "Anna Ushenina"]
[WhiteElo "2191"]
[BlackElo "2449"]
[PlyCount "52"]

1. d4 Nf6 2. c4 e6 3. Nf3 b6 4. g3 Bb4+ 5. Bd2 Be7 6. Bg2 c6
7. O-O O-O 8. Nc3 d5 9. Qc2 Bb7 10. cxd5 cxd5 11. Rac1 Nc6
12. Bg5 h6 13. Bxf6 Bxf6 14. Rfd1 Qe7 15. e3 Rac8 16. Qd2 Rfd8
17. Ne2 Qb4 18. Qxb4 Nxb4 19. a3 Nc6 20. b4 a6 21. Nc3 Nb8
22. Na4 Nd7 23. Bf1 Bc6 24. Nb2 Bb7 25. Na4 Bc6 26. Nb2 Bb7
1/2-1/2

[Event "IMSA Elite Mind Games (Rapid, Women)"]
[Site "?"]
[Date "2017.12.10"]
[EventDate "?"]
[Round "2.3"]
[Result "1/2-1/2"]
[White "Mariya Muzychuk"]
[Black "Anna Ushenina"]
[WhiteElo "2498"]
[BlackElo "2482"]
[PlyCount "90"]

1. e4 c5 2. Nf3 e6 3. d4 cxd4 4. Nxd4 Nc6 5. Nc3 Qc7 6. Be3
Nf6 7. f4 Bb4 8. Ndb5 Qa5 9. e5 Nd5 10. Bd2 Nxc3 11. Bxc3 O-O
12. Qd2 f6 13. exf6 Rxf6 14. a3 Bxc3 15. Nxc3 d5 16. O-O-O a6
17. Ne2 Qxd2+ 18. Rxd2 Bd7 19. g3 Be8 20. Nd4 Nxd4 21. Rxd4
Rc8 22. c3 Bg6 23. Bg2 Bf5 24. Re1 Rh6 25. h4 Rg6 26. Re3 Bg4
27. Kd2 h6 28. Ke1 Rc7 29. a4 Rf6 30. a5 Rff7 31. Bf1 Rfd7
32. Be2 Bxe2 33. Kxe2 Kf7 34. g4 Rc5 35. b4 Rc6 36. Kd2 Rdc7
37. f5 exf5 38. Rf3 Rc4 39. Rxd5 Ke6 40. Rfxf5 Rxc3 41. Rde5+
Kd6 42. Rd5+ Ke6 43. Rde5+ Kd6 44. Rd5+ Ke6 45. Rde5+ Kxe5
1/2-1/2

[Event "IMSA Elite Mind Games (Rapid, Women)"]
[Site "?"]
[Date "2017.12.11"]
[EventDate "?"]
[Round "7.1"]
[Result "1/2-1/2"]
[White "Anna Muzychuk"]
[Black "Anna Ushenina"]
[WhiteElo "2607"]
[BlackElo "2482"]
[PlyCount "75"]

1. e4 c5 2. Nf3 e6 3. d4 cxd4 4. Nxd4 Nc6 5. Nc3 Qc7 6. Be3
Nf6 7. f4 Bb4 8. Ndb5 Qa5 9. e5 Nd5 10. Bd2 Nxc3 11. Bxc3 O-O
12. Qd2 f6 13. exf6 Rxf6 14. g3 d5 15. Bxb4 Nxb4 16. Nd4 Qb6
17. c3 Nc6 18. Bg2 Nxd4 19. cxd4 Bd7 20. O-O Rc8 21. Rac1 Rff8
22. Rfe1 Rxc1 23. Rxc1 Rc8 24. Rxc8+ Bxc8 25. Qc3 Bd7 26. a3
Qc6 27. Qxc6 Bxc6 28. Kf2 Kf7 29. Ke3 Kf6 30. h4 h6 31. Bf1
Be8 32. Bd3 Bh5 33. Bc2 Bg4 34. Bd3 Bh5 35. Bc2 Bg4 36. Bd3
Bh5 37. Bc2 Ke5 38. Ke4+ 1/2-1/2

[Event "IMSA Elite Mind Games (Blitz, Women)"]
[Site "?"]
[Date "2017.12.12"]
[EventDate "?"]
[Round "2.2"]
[Result "0-1"]
[White "Anna Ushenina"]
[Black "Kateryna Lahno"]
[WhiteElo "2457"]
[BlackElo "2619"]
[PlyCount "102"]

1. d4 Nf6 2. Nf3 g6 3. Nbd2 c5 4. dxc5 Qa5 5. a3 Qxc5 6. b4
Qc7 7. Bb2 Bg7 8. Ne4 Qc6 9. Nxf6+ Bxf6 10. Bxf6 Qxf6 11. Qd4
Qxd4 12. Nxd4 d6 13. e4 Nc6 14. Nb5 O-O 15. Bd3 Bd7 16. Nc7
Rac8 17. Nd5 Rfe8 18. f4 Kg7 19. Kf2 Nd4 20. c4 b5 21. Rac1
bxc4 22. Bxc4 e6 23. Ne3 Ba4 24. Rhe1 Rc6 25. Rc3 Rec8
26. Rec1 Bb5 27. Rd3 e5 28. fxe5 dxe5 29. Rdc3 f5 30. exf5
Nxf5 31. a4 Nxe3 32. Kxe3 Rxc4 33. Rxc4 Rxc4 34. Ra1 Bc6
35. b5 Bxg2 36. a5 Rb4 37. b6 axb6 38. a6 Rb5 39. Rc1 Ra5
40. Rc7+ Kf6 41. a7 b5 42. Rxh7 b4 43. Kd3 b3 44. Kc3 Bd5
45. Rd7 Ke6 46. Rg7 Rc5+ 47. Kb2 Rc2+ 48. Kb1 Ra2 49. Rxg6+
Kf5 50. Rb6 Rxa7 51. Rb5 Ke4 0-1

[Event "IMSA Elite Mind Games (Blitz, Women)"]
[Site "?"]
[Date "2017.12.12"]
[EventDate "?"]
[Round "3.6"]
[Result "0-1"]
[White "Elisabeth Paehtz"]
[Black "Anna Ushenina"]
[WhiteElo "2467"]
[BlackElo "2457"]
[PlyCount "88"]

1. e4 c5 2. Nf3 e6 3. c3 Nf6 4. e5 Nd5 5. d4 cxd4 6. cxd4 d6
7. a3 Nc6 8. Bd3 Be7 9. O-O O-O 10. Qe2 Qb6 11. Rd1 Bd7
12. Nc3 Nxc3 13. bxc3 g6 14. Rb1 Qc7 15. exd6 Bxd6 16. c4 b6
17. Bg5 Rfe8 18. Bf6 Be7 19. Bxe7 Rxe7 20. Qe4 Kg7 21. Qh4 f6
22. Re1 Be8 23. Rbc1 Bf7 24. Nd2 Qd8 25. Be4 Rc8 26. Bxc6 Rxc6
27. Re3 Rd7 28. Nb3 a5 29. a4 Rdc7 30. Rh3 h5 31. Rhc3 Qe7
32. Nd2 e5 33. Re3 Qb4 34. Ne4 exd4 35. Rf3 Qe7 36. c5 bxc5
37. Ng3 Re6 38. h3 Re1+ 39. Rxe1 Qxe1+ 40. Kh2 Qe5 41. Rf4 Rb7
42. Re4 Qd6 43. f4 Rb2 44. f5 Bd5 0-1

[Event "IMSA Elite Mind Games (Blitz, Women)"]
[Site "?"]
[Date "2017.12.12"]
[EventDate "?"]
[Round "4.4"]
[Result "1/2-1/2"]
[White "Anna Muzychuk"]
[Black "Anna Ushenina"]
[WhiteElo "2574"]
[BlackElo "2457"]
[PlyCount "95"]

1. e4 c5 2. Nf3 e6 3. d4 cxd4 4. Nxd4 Nc6 5. Nc3 Qc7 6. f4 a6
7. Be2 d6 8. Be3 Nf6 9. Qd2 Bd7 10. g4 b5 11. g5 b4 12. gxf6
bxc3 13. Qxc3 gxf6 14. O-O-O Qa5 15. Qxa5 Nxa5 16. f5 h5
17. Rhf1 Ke7 18. Bd2 Bh6 19. Bxh6 Rxh6 20. Rf3 Nb7 21. Rc3 Nc5
22. Bf3 Rb8 23. a3 a5 24. Rg1 Rh7 25. Rc4 a4 26. Rb4 Rc8
27. Kd2 h4 28. Rb6 h3 29. b4 axb3 30. cxb3 Rh4 31. fxe6 fxe6
32. Rg7+ Kf8 33. Rg4 Rh6 34. Rxd6 e5 35. Nf5 Bxf5 36. exf5
Nxb3+ 37. Ke1 Nd4 38. Bd5 Ke7 39. Ra6 Nxf5 40. Rb4 Nd6
41. Rbb6 f5 42. Rc6 Rxc6 43. Rxc6 Rh4 44. Rc7+ Kf6 45. Rc6 Ke7
46. Rc7+ Kf6 47. Rc6 Ke7 48. Rc7+ 1/2-1/2

[Event "IMSA Elite Mind Games (Blitz, Women)"]
[Site "?"]
[Date "2017.12.12"]
[EventDate "?"]
[Round "5.6"]
[Result "1-0"]
[White "Anna Ushenina"]
[Black "Zhao Xue"]
[WhiteElo "2457"]
[BlackElo "2499"]
[PlyCount "99"]

1. d4 e6 2. Nf3 b6 3. Bf4 Bb7 4. e3 f5 5. c4 Nf6 6. Nc3 Bb4
7. Qb3 Ba5 8. Be2 Ne4 9. O-O Bxc3 10. bxc3 d6 11. c5 Qe7
12. cxd6 cxd6 13. Bb5+ Nd7 14. Rfd1 O-O 15. Nd2 Ndf6 16. Nxe4
fxe4 17. Qa3 Rfd8 18. c4 a6 19. Ba4 b5 20. Bb3 bxc4 21. Bxc4
Bd5 22. Be2 Ne8 23. Rdc1 Nc7 24. h3 Ne8 25. Rc2 a5 26. Rac1
Rdb8 27. Rb2 Rd8 28. Rb6 h6 29. Qa4 Kh7 30. a3 Qa7 31. Rb2 Qe7
32. Bh5 Nf6 33. Be2 Ne8 34. Rbc2 Rdb8 35. Rc3 Nf6 36. Rc7 Qd8
37. Qc2 Ne8 38. Rc3 a4 39. Bc4 Nf6 40. Bxd5 Nxd5 41. Qxe4+ Kg8
42. Rc6 Qd7 43. Rxd6 Qf7 44. Rxe6 Nxf4 45. exf4 Re8 46. f5 Kh8
47. d5 Qd7 48. f6 gxf6 49. Qg6 Qg7 50. Rxe8+ 1-0

[Event "IMSA Elite Mind Games (Blitz, Women)"]
[Site "?"]
[Date "2017.12.12"]
[EventDate "?"]
[Round "6.1"]
[Result "1/2-1/2"]
[White "Dronavalli Harika"]
[Black "Anna Ushenina"]
[WhiteElo "2537"]
[BlackElo "2457"]
[PlyCount "112"]

1. c4 e5 2. Nc3 Nf6 3. Nf3 Nc6 4. e3 Bb4 5. Qc2 Bxc3 6. bxc3
e4 7. Ng5 d5 8. f3 exf3 9. Nxf3 O-O 10. cxd5 Qxd5 11. Be2 Bg4
12. O-O Rad8 13. c4 Qe4 14. Qxe4 Nxe4 15. Rb1 b6 16. Rb2 Rfe8
17. a3 Bh5 18. Rc2 h6 19. d3 Nc5 20. Rd1 Bg6 21. Ne1 Nb3
22. Kf2 Nxc1 23. Rcxc1 Na5 24. Rc3 c5 25. h3 Nc6 26. Nf3 Re7
27. d4 cxd4 28. exd4 Be4 29. d5 Na5 30. Nd4 Rc8 31. Rdc1 Rec7
32. Nb5 Rd7 33. Bf3 Bxf3 34. Kxf3 a6 35. Nd4 Kf8 36. Nf5 g6
37. Ne3 Rc5 38. Rb1 b5 39. a4 Nxc4 40. Nxc4 Rxc4 41. Rxc4 bxc4
42. Ke4 c3 43. Rc1 Rb7 44. Rxc3 Ke7 45. a5 Rb4+ 46. Ke3 Rb5
47. Kd4 Rxa5 48. Rc7+ Kd6 49. Rc6+ Ke7 50. Rb6 g5 51. Ke5 f6+
52. Kd4 h5 53. Rb7+ Kd6 54. Rb6+ Ke7 55. Rb7+ Kd6 56. Rb6+
Kxd5+ 1/2-1/2

[Event "IMSA Elite Mind Games (Blitz, Women)"]
[Site "?"]
[Date "2017.12.12"]
[EventDate "?"]
[Round "7.5"]
[Result "0-1"]
[White "Anna Ushenina"]
[Black "Nana Dzagnidze"]
[WhiteElo "2457"]
[BlackElo "2453"]
[PlyCount "91"]

1. d4 Nf6 2. Nf3 e6 3. Bf4 d5 4. e3 Bd6 5. Bxd6 cxd6 6. c4 Nc6
7. Nc3 dxc4 8. Bxc4 O-O 9. O-O d5 10. Bd3 Bd7 11. Rc1 Rc8
12. a3 Na5 13. Ne5 Nc4 14. Nxc4 dxc4 15. Bb1 Bc6 16. Qe2 b5
17. Rfd1 a5 18. e4 b4 19. axb4 axb4 20. Na2 Ba4 21. Rd2 Qa5
22. Rxc4 Bb5 23. Rxc8 Bxe2 24. Rxf8+ Kxf8 25. Rxe2 Qb5 26. Rd2
Qc4 27. Rd1 h6 28. Nc1 g5 29. h3 Ke7 30. f3 Nh5 31. d5 Nf4
32. Bd3 Nxd3 33. Nxd3 Qd4+ 34. Kf1 exd5 35. exd5 Qxd5 36. Ke2
Qc4 37. Rd2 Kf6 38. Kf2 Qd4+ 39. Ke2 b3 40. Kf1 Kg7 41. Rd1
Qe3 42. Nf2 Qc5 43. Nd3 Qc2 44. Ke1 Qxg2 45. Rd2 Qxf3 46. Kd1
0-1

[Event "IMSA Elite Mind Games (Blitz, Women)"]
[Site "?"]
[Date "2017.12.12"]
[EventDate "?"]
[Round "8.3"]
[Result "1-0"]
[White "Ju Wenjun"]
[Black "Anna Ushenina"]
[WhiteElo "2548"]
[BlackElo "2457"]
[PlyCount "91"]

1. Nf3 d5 2. g3 c6 3. Bg2 Bg4 4. O-O Nd7 5. d4 e6 6. Nbd2 h6
7. e4 dxe4 8. Nxe4 Ngf6 9. Re1 Nxe4 10. Rxe4 Nf6 11. Re1 Be7
12. c3 O-O 13. Qb3 Qb6 14. Ne5 Bf5 15. Nc4 Qa6 16. Bf1 b5
17. Ne5 Qb7 18. Bg2 Rac8 19. a4 a6 20. axb5 axb5 21. c4 b4
22. Qf3 Kh8 23. g4 Bh7 24. Nxc6 Be4 25. Rxe4 Qxc6 26. d5 Qc5
27. Be3 Qd6 28. Bf4 Qc5 29. Ree1 Qxc4 30. d6 Bd8 31. Rec1 Nd5
32. Rxc4 Rxc4 33. Bd2 Bf6 34. Rb1 Rd8 35. Qe2 Rd4 36. Bxd5
exd5 37. d7 Re4 38. Qb5 Rxg4+ 39. Kf1 Re4 40. Rc1 Kh7 41. Rc8
Rd4 42. Rxd8 Bxd8 43. Qb8 Bf6 44. Be3 Rc4 45. d8=Q Bxd8
46. Qxd8 1-0

[Event "IMSA Elite Mind Games (Blitz, Women)"]
[Site "?"]
[Date "2017.12.12"]
[EventDate "?"]
[Round "9.4"]
[Result "1-0"]
[White "Anna Ushenina"]
[Black "Mariya Muzychuk"]
[WhiteElo "2457"]
[BlackElo "2430"]
[PlyCount "63"]

1. d4 Nf6 2. Nf3 e6 3. Bf4 c5 4. e3 h6 5. h3 Nc6 6. Nbd2 d5
7. c3 Bd6 8. dxc5 Bxf4 9. exf4 a5 10. Bb5 Qc7 11. Ne5 O-O
12. Bxc6 bxc6 13. O-O Nd7 14. Nxd7 Bxd7 15. Qf3 Rfb8 16. Rab1
Rb5 17. a4 Rbb8 18. b3 f6 19. Rfe1 e5 20. fxe5 fxe5 21. Qg3
Bf5 22. Rbc1 Re8 23. Nf3 Rab8 24. Rxe5 Rxe5 25. Qxe5 Qxe5
26. Nxe5 Rxb3 27. Nxc6 Bd7 28. Nxa5 Ra3 29. c6 Bc8 30. Nb7
Rxa4 31. Nd6 Be6 32. Re1 1-0